[Event "Mittelfranken-chTB2a 1011"]
[Site "Germany"]
[Date "2010.11.21"]
[Round "3.6"]
[White "Huemmer, Bruno"]
[Black "Bilek, Stefan"]
[Result "1-0"]
[WhiteElo "1784"]
[BlackElo "1644"]
[PlyCount "49"]
[EventDate "2010.09.26"]
[EventType "team-tourn"]
[EventRounds "9"]
[EventCountry "GER"]
[SourceTitle "EXT 2012"]
[Source "ChessBase"]
[SourceDate "2011.11.24"]
[SourceVersion "1"]
[SourceVersionDate "2011.11.24"]
[SourceQuality "1"]
[WhiteTeam "Kirchehrenbach/Ebermannstadt"]
[BlackTeam "Buechenbach/Roth III"]
[WhiteTeamCountry "GER"]
[BlackTeamCountry "GER"]

1. c4 c5 2. Nc3 b6 3. e3 Bb7 4. Nf3 Nf6 5. d4 cxd4 6. exd4 e6 7. Be2 Be7 8. 0-0 0-0 9. Bf4 d5 10. Rc1 a6 11. Ne5 Nbd7 12. Bf3 Bd6 13. Nxf7 Rxf7 14. Bxd6 Rc8 15. b3 Nf8 16. c5 N8d7 17. b4 Ne8 18. Bg3 Nb8 19. Re1 bxc5 20. bxc5 Qd7 21. Na4 Rc6 22. Nb6 Qd8 23. Bg4 Re7 24. Qe2 Nd7 25. Nxd5 1-0

[Event "Mittelfranken-chTB2a 1011"]
[Site "Germany"]
[Date "2010.09.26"]
[Round "1.5"]
[White "Obsieger, Hendrik"]
[Black "Huemmer, Bruno"]
[Result "1/2-1/2"]
[WhiteElo "1859"]
[BlackElo "1784"]
[PlyCount "87"]
[EventDate "2010.09.26"]
[EventType "team-tourn"]
[EventRounds "9"]
[EventCountry "GER"]
[SourceTitle "EXT 2012"]
[Source "ChessBase"]
[SourceDate "2011.11.24"]
[SourceVersion "1"]
[SourceVersionDate "2011.11.24"]
[SourceQuality "1"]
[WhiteTeam "Erlangen 44/88 II"]
[BlackTeam "Kirchehrenbach/Ebermannstadt"]
[WhiteTeamCountry "GER"]
[BlackTeamCountry "GER"]

1. e4 d6 2. d4 Nf6 3. Nc3 g6 4. Be3 Bg7 5. Qd2 Ng4 6. Bg5 h6 7. Bh4 g5 8. Bg3 e5 9. dxe5 Nxe5 10. Nf3 Nbc6 11. Nxe5 Nxe5 12. h4 Be6 13. hxg5 hxg5 14. Rxh8+ Bxh8 15. 0-0-0 Qe7 16. Nd5 Bxd5 17. exd5 0-0-0 18. Qa5 Kb8 19. f3 Nd7 20. Bf2 Nb6 21. Kb1 Qf6 22. Qa3 Re8 23. Bb5 Re7 24. c3 Qf5+ 25. Bd3 Qxd5 26. c4 Qc6 27. Rh1 Bg7 28. c5 dxc5 29. Bxc5 Re8 30. Bf2 a6 31. Be4 Qb5 32. Bxb6 Qxb6 33. Qb3 Qxb3 34. axb3 Be5 35. Rd1 Rh8 36. Rd2 Bf4 37. Re2 c6 38. Kc2 Kc7 39. Bf5 Kd6 40. Be4 Kc5 41. Kc3 Be5+ 42. Kc2 Rh1 43. Bxc6 Kxc6 44. Rxe5 1/2-1/2

[Event "Mittelfranken-chTB2a 0910"]
[Site "Mittelfranken"]
[Date "2010.01.10"]
[Round "5.6"]
[White "Huemmer, Bruno"]
[Black "Adelhuette, Dennis"]
[Result "1/2-1/2"]
[WhiteElo "1801"]
[BlackElo "1813"]
[PlyCount "32"]
[EventDate "2009.10.11"]
[EventType "team-tourn"]
[EventRounds "9"]
[EventCountry "GER"]
[SourceTitle "EXT 2011"]
[Source "ChessBase"]
[SourceDate "2010.11.26"]
[SourceVersion "1"]
[SourceVersionDate "2010.11.26"]
[SourceQuality "1"]
[WhiteTeam "Kirchehrenbach"]
[BlackTeam "Erlangen SC II"]
[WhiteTeamCountry "GER"]
[BlackTeamCountry "GER"]

1. c4 c5 2. Nf3 Nf6 3. Nc3 Nc6 4. g3 e6 5. Bg2 d5 6. cxd5 exd5 7. d4 Be6 8. 0-0 cxd4 9. Nb5 Bc5 10. Bf4 0-0 11. Nfxd4 Nxd4 12. Nxd4 Qb6 13. Nb3 Bd6 14. Bg5 Ne4 15. Be3 Qd8 16. Rc1 Qe7 1/2-1/2